| 000 | 00462nam a2200169 4500 | ||
|---|---|---|---|
| 001 | 123505 | ||
| 003 | ES-MaACL | ||
| 005 | 20251011063129.0 | ||
| 007 | t| | ||
| 008 | 070214s1969 sp r ||||1| spa d | ||
| 100 | 1 |
_aQuilis, Antonio, _d1933-2003 _994630 |
|
| 245 | 1 | 0 |
_aMétrica española / _cAntonio Quilis. |
| 260 |
_aMadrid : _bAlcalá, _c1969. |
||
| 300 |
_a194 p. ; _c18 cm. |
||
| 852 |
_aES-MaACL _jC-35876 _bR.69173 |
||
| 999 |
_c123505 _d123505 |
||